000 00316nam a22001217a 4500
020 _a0-7494-0588-0
082 _a658.5 RUS'H
100 _aOXLEY, JOHN, RUSHTON, ALAN
_967430
245 _aHANDBOOK OF LOGISTICS AND DISTRIBUTION MANAGEMENTS
260 _aLONDON
_bKOGAN PAGE
_c1989
300 _aX, 339P
942 _cBK
999 _c575215
_d575215